The Swiss Government Quiz - Statistics

General Stats
  • This quiz has been taken 9 times
  • The average score is 42 of 77
Answer Stats
Hint Official Name % Correct
National Holiday 1. August
83%
Minister of Transport and Energie Albert Rösti
83%
BS Basel Stadt
83%
BE Bern
83%
Ministry of the Interior EDI, Eidgenössiches Departement des Inneren
83%
GE Genf / Geneva / Geneve
83%
GL Glarus
83%
Minister of the Economy Guy Parmelin
83%
LU Luzern
83%
OW Obwalden
83%
SZ Schwyz
83%
UR Uri
83%
ZH Zürich
83%
How many Members 200
67%
How many Members 46
67%
AG Aargau
67%
AR Appenzell Ausserrhoden
67%
AI Appenzell Innerrhoden
67%
BL Basel Landschaft
67%
Federal Statistical Office BFS / Bundesamt für Statistik
67%
Federal Council Bundesrat
67%
Ministry of Foreign Affairs EDA, Eidgenössisches Departement des Äusseren
67%
Ministry of Finances EFD, Eidgenössisches Finanzdepartement
67%
Middle right FDP / Freisinnig-Demokratischen Partei
67%
FR Freiburg / Fribourg
67%
GR Graubünden
67%
JU Jura
67%
Cantons Kantone
67%
Middle Mitte
67%
National Council Nationalrat
67%
NE Neuenburg / Neuchatel
67%
NW Nidwalden
67%
SH Schaffhausen
67%
SO Solothurn
67%
Left SP / Sozialdemokratische Partei Schweiz
67%
Council of Cantons Ständerat
67%
SG St. Gallen
67%
Right SVP / Schweizerische Volkspartei
67%
TI Tessin / Ticino
67%
TG Thurgau
67%
VD Vaudois / Waadt
67%
Ministry of Defence and Sport VBS, Eidgenössisches Departement für Verteidigung, Befölkerungsschutz und Sport
67%
VS Wallis / Valais
67%
ZG Zug
67%
Minister of Justice and Police Beat Jans
50%
Ministry of Justice and Police EJPD, Eidgenössisches Justiz- und Polizeidepartement
50%
Minister of the Interior Elizabeth Baume-Schneider
50%
Federal Office of Police Fedpol / Bundesamt für Polizei
50%
Minister of Foreign Affairs Ignazio Cassis
50%
Minister of Finances Karin Keller-Sutter
50%
Minister of Defence and sport Martin Pfister
50%
State Secretariat for Economic Affairs SECO / Staatssekretariat für Wirtschaft
50%
State Secretariat for Migration SEM / Staatssekretariat für Migration
50%
Ministry of Energy and Transport UVEK, Eidgenössisches Departement für Umwelt, Verkehr, Energie und Kommunikation
50%
Federal Chancellor Viktor Rossi
50%
Ministry of the Economy WBF, Eidgenössisches Departement für Wirtschaft, Bildung und Forschung
50%
Date of the federal constitution 12.9.1848
33%
Date of Founding of the Swiss Confederation 1.8.1291
33%
Federal Roads Office ASTRA / Bundesamt für Strassen
33%
Federal Office of Public Health BAG / Bundesamt für Gesundheit
33%
Right EDU / Eidgenössisch-Demokratische Union
33%
Federal Tax Administration ESTV / Eidgenössische Steuerverwaltung
33%
Middle Left GLP / Grünliberale Partei
33%
Left Grünen
33%
Federal Office for Civil Protection BABS / Bundesamt für Bevölkerungsschutz
17%
Federal Office for the Environment BAFU / Bundesamt für Umwelt
17%
Federal Office of Sport BASPO / Bundesamt für Sport
17%
Federal Office for Food Safety and Veterinary Affairs BLV / Bundesamt für Lebensmittelsicherheit und Veterinärwesen
17%
Federal Customs Administration EZV / Eidgenössische Zollverwaltung
17%
Federal Office of Meteorology and Climatology MeteoSchweiz / Bundesamt für Meteorologie und Klimatologie
17%
Federal intelligence service NDB / Nachrichtendienst des Bundes
17%
Largest political parties Parteien
17%
State Secretariat for Education, Research and Innovation SBFI / Staatssekretariat für Bildung, Forschung und Innovation
17%
State Secretariat for Financial Affairs SIF / Staatssekretariat für Finanzfragen
17%
Institute of Medicinal Products Swissmedic / Schweizerisches Heilmittelinstitut
17%
Federal Office of Energy BFE / Bundesamt für Energie
0%
State Secretariat for Security Policy SEPOS / Staatssekretariat für Sicherheitspolitik
0%
No matching quizzes found
Score Distribution
Percent of People with Each Score
Percentile by Number Answered
Your Score History
You have not taken this quiz